International Business: The Challenge of Global Competition. (Record no. 5833)

MARC details
005 - DATE AND TIME OF LATEST TRANSACTION
control field 20250628071357.0
020 ## - INTERNATIONAL STANDARD BOOK NUMBER
International Standard Book Number 0-07-253797-3
082 ## - DEWEY DECIMAL CLASSIFICATION NUMBER
Classification number 658.049 BALL
100 ## - MAIN ENTRY--PERSONAL NAME
Author name BALL, D. A.
245 ## - TITLE STATEMENT
Title International Business: The Challenge of Global Competition.
250 ## - EDITION STATEMENT
Edition statement 9th Ed.
260 ## - PUBLICATION, DISTRIBUTION, ETC.
Place of publication, distribution, etc. New York,
Name of publisher, distributor, etc. McGraw Hill,
Date of publication, distribution, etc. 2004.
300 ## - PHYSICAL DESCRIPTION
Extent xxvi, 754p.: ill.; figure, table
Other physical details Glossary & Index
Dimensions 30cm
700 ## - ADDED ENTRY--PERSONAL NAME
Other authors/Editors McCULLOCH, W. H.
942 ## - ADDED ENTRY ELEMENTS (KOHA)
Source of classification or shelving scheme Dewey Decimal Classification
Koha item type Books
Holdings
Date last seen Total checkouts Full call number Barcode Cost, replacement price Price effective from Koha item type Lost status Source of classification or shelving scheme Damaged status Not for loan Withdrawn status Home library Current library Shelving location Date acquired Source of acquisition Cost, normal purchase price
06/28/2025   658.049 BAL DOM0002319 120000.00 06/28/2025 Books   Dewey Decimal Classification       CBE Dodoma CBE Dodoma General Collection 05/16/2007 Library Budget 40000.00
06/28/2025   658.049 BAL DOM0002262 120000.00 06/28/2025 Books   Dewey Decimal Classification       CBE Dodoma CBE Dodoma General Collection 05/16/2007 Library Budget 40000.00